000 00345nam a2200133Ia 4500
008 190216s9999||||xx |||||||||||||| ||und||
100 _aPuttaswamaiah
245 0 _aUnemployment In India - Policy For Manpower
250 _a1st Ed.
260 _bOxford And Ibh Publishing Co. Pvt Ltd
_c1977
300 _a193
650 _aEconomics
942 _cBK
999 _c9606
_d9606